000 00646nam0a22002291 4500
001 RU\NLR\INFOCOMM_116\5000066413
005 20250613091413.0
035 _a(NLR Aleph) 009107630
090 _a8140421
_c8140421
100 _a20090203d1895 |||y0rusy50 ca
101 0 _apol
102 _aPL
_aRU
105 _aa ||||000|y
200 1 _aNa Lagunach
210 _aWarszawa
_aPetersburg
_cGebetner i Wolff
_cKsięgarnia polska
_d1895
215 _a[6], 327 с., 61 л. ил.
_cил.
_d20 см
700 1 _aBełza
_bS.
_gStanisław
_4070
801 1 _aRU
_bNLR
_c20090203
801 0 _aRU
_bNLR
_gPSBO
852 _aNLR
_j14.30.6.41
942 _cBOOK
980 _aNB